000 00736nam a2200253Ia 4500
003 OSt
005 20220926034054.0
006 a|||||r|||| 00| 0
007 ta
008 220923b |||||||| |||| 00| 0 eng d
020 _a0815700245
037 _cGeneral Book
040 _aRTL
_cRTL
_beng
041 _2eng
_aeng
082 _aX:741.73.N7, L6
100 _aAaron Henry J. Ed.
_9340025
245 0 _aInflation and the income tax
260 _aWashington
_bBrooking Institution U. S. A.
_c1976
300 _a340p.
_ccm.
490 _aBrookings Institution, Studies of Government Finance
650 _aInflation
942 _hX:741.73.N7, L6
_cGB
_2CC
999 _c658686
_d658686